Química aula taller : orgánica /
Guardado en:
| Autor Principal: | |
|---|---|
| Formato: | Libro |
| Publicado: |
Buenos Aires :
Stella,
2009.
|
| Materias: | |
| Etiquetas: |
Agregar Etiqueta
Sin Etiquetas, Sea el primero en etiquetar este registro!
|
| LEADER | 01069nam a22003255a 4500 | ||
|---|---|---|---|
| 001 | CEM.cems017545 | ||
| 005 | 20121024162727.0 | ||
| 008 | 130507s2009##################000#0#####d | ||
| 003 | CEMS | ||
| 020 | |a 9789505250806 | ||
| 082 | 0 | 4 | |a 547 |
| 100 | 1 | |a Mautino, José María | |
| 245 | 1 | 0 | |a Química aula taller : |b orgánica / |c José María Mautino |
| 260 | |a Buenos Aires : |b Stella, |c 2009. | ||
| 300 | |a 303 p. | ||
| 505 | 0 | |a Introducción a la Química orgánica -- Los Hidrocarburos -- Espectroscopía y Estructura molecular -- Funciones orgánicas oxigenadas -- Moléculas biológicas: Los lípidos -- Los Glúcidos o Hidrátos de Carbono -- Las Proteínas y los Ácidos nucleicos | |
| 653 | |a Carbono | ||
| 653 | |a Lewis | ||
| 653 | |a Petróleo | ||
| 653 | |a Alcanos | ||
| 653 | |a Alquenos | ||
| 653 | |a Alquinos | ||
| 653 | |a Alcoholes | ||
| 653 | |a Aldehídos | ||
| 653 | |a Amidas | ||
| 653 | |a Esteroides | ||
| 653 | |a Disacáridos | ||
| 653 | |a Aminoácidos | ||
| 653 | |a Nucleótidos | ||
| 859 | |a CEMS |b BIB. CEMS - Agricultura |h 547 |i M448-3 |p A1341.11 |t Ej.1 | ||
